Data Engineering with Alteryx : helping data engineers apply DataOps practices with Alteryx

Saved in:
Bibliographic Details
Main Author Houghton, Paul (Author)
Format Book
LanguageEnglish
Published Birmingham ; Mumbai : Packt, 2022
Subjects
ISBN978-1-80323-648-3
Physical Descriptionxvii, 346 stran : ilustrace ; 24 cm

Cover

LEADER 00000nam a2200000 i 4500
001 115578
003 CZ ZlUTB
005 20260504152930.0
007 ta
008 260504s2022 xxka e f 001 0 eng d
020 |a 978-1-80323-648-3  |q (brožováno) 
040 |a ZLD002  |b cze  |e rda 
044 |a xxk  |a ii 
072 7 |a 004.4/.6  |x Programování. Software  |2 Konspekt  |9 23 
080 |a 004.658  |2 MRF 
080 |a 004.4  |2 MRF 
080 |a (035)  |2 MRF 
100 1 |a Houghton, Paul  |4 aut 
245 1 0 |a Data Engineering with Alteryx :  |b helping data engineers apply DataOps practices with Alteryx /  |c Paul Houghton 
264 1 |a Birmingham ;  |a Mumbai :  |b Packt,  |c 2022 
300 |a xvii, 346 stran :  |b ilustrace ;  |c 24 cm 
336 |a text  |b txt  |2 rdacontent 
337 |a bez média  |b n  |2 rdamedia 
338 |a svazek  |b nc  |2 rdacarrier 
500 |a Obsahuje rejstřík 
500 |a Každá kapitola obsahuje shrnutí 
650 0 7 |a správa databází  |7 ph137775  |2 czenas 
650 0 7 |a software  |7 ph125823  |2 czenas 
650 0 9 |a database administration  |2 eczenas 
650 0 9 |a software  |2 eczenas 
655 7 |a příručky  |7 fd133209  |2 czenas 
655 9 |a handbooks and manuals  |2 eczenas 
910 |a ZLD002 
942 |2 udc 
952 |0 0  |1 0  |4 0  |5 0  |6 004HOUGHTONP  |7 0  |8 BOOK  |9 190978  |a UTBZL  |b UTBZL  |c 005  |d 2026-05-04  |l 0  |o 004/HOUGHTON,P.  |p 420010202056  |r 2026-05-04 15:30:06  |v 688.00  |w 2026-05-04  |x N:nákup  |y 01 
992 |a BK  |b SKNEW 
999 |c 115578  |d 115578